Peeping Beauty /

Poulette the dancing hen falls into the clutches of a hungry fox, who exploits her desire to become a great ballerina.

Bibliographic Details
Main Author: Auch, Mary Jane
Format: Book
Language:English
Published: New York : Holiday House, [1993]
Edition:1st ed.
Subjects:

MARC

Tag First Indicator Second Indicator Subfields
LEADER 00000cam a2200000 a 4500
001 in00001406777
005 20151020072926.0
008 920428s1993 nyua j 000 1 eng
010 |a  92016374  
020 |a 0823410013 :  |c $14.95 
035 |a (OCoLC)25964048 
035 |9 AHQ3733AM 
040 |a DLC  |c DLC  |d SLC  |d UtOrBLW 
049 |a TXAG 
050 0 0 |a PZ7.A898  |b Pe 1993 
082 0 0 |a [E]  |2 20 
100 1 |a Auch, Mary Jane. 
245 1 0 |a Peeping Beauty /  |c written and illustrated by Mary Jane Auch. 
250 |a 1st ed. 
264 1 |a New York :  |b Holiday House,  |c [1993] 
264 4 |c ©1993 
300 |a 1 volume (unpaged) :  |b color illustrations ;  |c 29 cm. 
336 |a text  |b txt  |2 rdacontent 
337 |a unmediated  |b n  |2 rdamedia 
338 |a volume  |b nc  |2 rdacarrier 
520 |a Poulette the dancing hen falls into the clutches of a hungry fox, who exploits her desire to become a great ballerina. 
650 1 |a Chickens  |x Fiction. 
650 1 |a Foxes  |x Fiction. 
650 1 |a Ballet dancing  |x Fiction. 
650 0 |a Chickens  |v Juvenile fiction. 
650 0 |a Foxes  |v Juvenile fiction. 
650 0 |a Ballet dancing  |x Juvenile fiction. 
999 |a MARS 
999 f f |s 833aca43-54fa-3702-839e-5733002ad7aa  |i d4f6017a-d60f-3f80-9c0e-acd0a352795c  |t 0 
952 f f |p ric  |a Texas A&M University  |b Rellis Campus  |c Joint Library Facility  |d Remote Storage  |t 0  |e PZ7.A898 Pe 1993  |h Library of Congress classification  |i unmediated -- volume  |m A14822240178 
998 f f |a PZ7.A898 Pe 1993  |t 0  |l Remote Storage